History Quiz

Random History or Clickable Quiz
Score 0/25 Timer 10:00
0 Plays Today
% Correct
Slavery
89.5%
passed a ban on slavery and ratified the 14th Amendment
84.6%
Slave-based economy
84.2%
Wage-based economy
84.2%
Revenue Act of 1861
84.2%
Pacific Railway Act of 1862
84.2%
Reconstruction Era
78.9%
Republicans
78.9%
Union Army
78.9%
Confederacy
78.9%
37th Congress
78.9%
National Banking Act
78.9%
Homestead Act
78.9%
% Correct
15th Amendment
76.9%
Klu Klux Klan
76.9%
Pap Singleton
76.9%
Morrill Act
73.7%
14th Amendment
69.2%
Jim Crow laws
69.2%
White Supremacy
68.4%
Civil War
63.2%
Unified Country
63.2%
Disenfranchisement
61.5%
fraudulent circumstances
58.3%
Poll Tax
38.5%
Remove Ads.
Support Sporcle.
Get the best of Sporcle when you Go Orange. This ad-free experience offers more features, more stats, and more fun while also helping to support Sporcle. Thank you for becoming a member.

You're not logged in!

Compare scores with friends on all Sporcle quizzes.
OR
Log In

Show Comments

Extras

Created Jan 9, 2015ReportNominate
Tags:Clickable Quiz, Term, Week

Top Quizzes Today


Score Distribution

Your Account Isn't Verified!

In order to create a playlist on Sporcle, you need to verify the email address you used during registration. Go to your Sporcle Settings to finish the process.

Report this User

Report this user for behavior that violates our Community Guidelines.

Details: